[Event "36th Olympiad w"]
[Site "Calvia ESP"]
[Date "2004.10.23"]
[Round "8"]
[White "Khamrakulova,I"]
[Black "Sultana,Z2"]
[Result "1/2-1/2"]
[WhiteElo "2217"]
[BlackElo "2056"]
[EventDate "2004.10.15"]

1. e4 e6 2. d4 d5 3. Nd2 dxe4 4. Nxe4 Bd7 5. Nf3 Bc6 6. Bd3 Nd7 7. c3 Ngf6
8. Qe2 Be7 9. O-O Nxe4 10. Bxe4 Bxe4 11. Qxe4 c6 12. Qe2 O-O 13. Bf4 Re8
14. Rfe1 Bf6 15. Rad1 Qa5 16. a3 Qf5 17. Bg3 h6 18. h3 Rad8 19. Bc7 Rc8 20.
g4 Qg6 21. Bg3 Red8 22. c4 h5 23. Ne5 Bxe5 24. dxe5 hxg4 25. hxg4 Nf8 26.
Kg2 Rxd1 27. Rxd1 f6 28. f3 f5 29. Rd4 c5 30. Rd6 fxg4 31. fxg4 Re8 32. b4
cxb4 33. axb4 Rc8 34. Bf2 b6 35. c5 bxc5 36. bxc5 Qf7 37. Qf3 Qe7 38. c6
Qc7 39. Qe4 Qe7 40. Qc4 Ng6 41. Bg3 Nf8 42. Qb3 Qc7 43. Bf2 Rb8 44. Qa3 a5
45. Be3 Rb5 46. Bf2 Qb6 1/2-1/2

[Event "36th Olympiad w"]
[Site "Calvia ESP"]
[Date "2004.10.23"]
[Round "8"]
[White "Khan,N"]
[Black "Khegai,A"]
[Result "0-1"]
[WhiteElo "1997"]
[BlackElo "2239"]
[EventDate "2004.10.15"]

1. d4 Nf6 2. Nf3 d6 3. g3 g6 4. Bg2 Bg7 5. c4 O-O 6. O-O Nbd7 7. Nc3 c6 8.
Rb1 a5 9. Qd3 Qc7 10. b3 e5 11. Ba3 exd4 12. Nxd4 Ne5 13. Qd2 a4 14. f4 Bh6
15. Qb2 Neg4 16. Nxa4 Ne3 17. Rfc1 Nxg2 18. Kxg2 Qd7 19. Kg1 Qh3 20. Nxc6
Bg7 21. Ne7+ Kh8 22. Qd2 Be6 23. Bb2 Rfe8 24. Bxf6 Bxf6 25. Nd5 Bxd5 26.
cxd5 h5 27. Rf1 h4 28. Rf3 Qg4 29. Kg2 Kg7 30. Rbf1 hxg3 31. hxg3 Rh8 32.
Kf2 Rh2+ 33. Ke1 Re8 34. Kd1 Rexe2 35. Qxe2 Rxe2 36. Kxe2 b5 37. Nb6 Bd4
38. Nc4 bxc4 39. bxc4 Qc8 40. Rc1 Qe8+ 41. Kd3 f5 42. Rcf1 Qe4+ 43. Kd2 Bc5
44. Kc3 Qe2 45. Kb3 Bd4 46. a3 Kf7 47. Kb4 Ke7 48. Kb3 Kd7 49. c5 dxc5 50.
d6 c4+ 0-1

[Event "36th Olympiad w"]
[Site "Calvia ESP"]
[Date "2004.10.23"]
[Round "8"]
[White "Mouradian,K"]
[Black "Valickova,M"]
[Result "1-0"]
[WhiteElo "2119"]
[BlackElo "2076"]
[EventDate "2004.10.15"]

1. e4 e5 2. Bc4 Nf6 3. d3 Nc6 4. Nf3 Be7 5. c3 O-O 6. O-O d5 7. exd5 Nxd5
8. Re1 Bg4 9. h3 Bh5 10. Bb3 Nf4 11. d4 Bd6 12. Bxf4 exf4 13. Nbd2 Kh8 14.
Ne4 Be7 15. Qd3 f5 16. Ned2 g5 17. Nc4 g4 18. hxg4 fxg4 19. Nfe5 Nxe5 20.
Nxe5 Rf6 21. Bc2 Rh6 22. Qf5 Qf8 23. Nxg4 Bxg4 24. Qxg4 Qf6 25. Bb3 Rg6 26.
Qe6 Qg7 27. Qh3 Rf8 28. Bc2 Rh6 29. Rxe7 Qg5 30. Rxh7+ 1-0

[Event "36th Olympiad w"]
[Site "Calvia ESP"]
[Date "2004.10.23"]
[Round "8"]
[White "Dymshits,G"]
[Black "Nekrasova,E"]
[Result "0-1"]
[WhiteElo "2081"]
[BlackElo "2107"]
[EventDate "2004.10.15"]

1. e4 c5 2. Nf3 Nc6 3. d4 cxd4 4. Nxd4 e6 5. Nb5 d6 6. c4 a6 7. N5a3 Nf6 8.
Nc3 Be7 9. Be2 O-O 10. Be3 b6 11. Nc2 Bb7 12. f3 Rc8 13. Qd2 Ne5 14. b3 Qc7
15. Na4 Ned7 16. Rc1 Bd8 17. O-O Qb8 18. Nc3 Bc7 19. g3 Rfe8 20. Bf2 d5 21.
cxd5 exd5 22. exd5 b5 23. Nb4 Ba5 24. a3 Qd6 25. Qd4 Rxc3 26. Qxc3 Rxe2 27.
Qd3 Re8 28. Rfd1 Bb6 29. Rc2 Ne5 30. Qc3 a5 31. f4 Neg4 32. Nd3 0-1

[Event "36th Olympiad w"]
[Site "Calvia ESP"]
[Date "2004.10.23"]
[Round "8"]
[White "Quinn,De"]
[Black "Konara,H"]
[Result "1/2-1/2"]
[WhiteElo "2036"]
[BlackElo "1911"]
[EventDate "2004.10.15"]

1. e4 d6 2. d4 Nf6 3. Nc3 g6 4. Nf3 Bg7 5. Bc4 O-O 6. O-O Nbd7 7. e5 dxe5
8. dxe5 Ne8 9. e6 fxe6 10. Bxe6+ Kh8 11. Ng5 Nd6 12. Be3 h6 13. Qg4 Ne5 14.
Qh3 Nf5 15. Rad1 Qe8 16. Nd5 Qc6 17. Bxc8 Raxc8 1/2-1/2

[Event "36th Olympiad w"]
[Site "Calvia ESP"]
[Date "2004.10.24"]
[Round "9"]
[White "Xu Yuhua"]
[Black "Ciuksyte,D"]
[Result "1-0"]
[WhiteElo "2487"]
[BlackElo "2361"]
[EventDate "2004.10.15"]

1. e4 c5 2. Nf3 e6 3. d4 cxd4 4. Nxd4 a6 5. Nc3 b5 6. Bd3 Qb6 7. Nf3 Nc6 8.
O-O Qb8 9. e5 Nge7 10. Be4 Bb7 11. Re1 f5 12. exf6 gxf6 13. Nh4 h5 14. Ng6
Nxg6 15. Bxg6+ 1-0

[Event "36th Olympiad w"]
[Site "Calvia ESP"]
[Date "2004.10.24"]
[Round "9"]
[White "Batyte,D"]
[Black "Zhao Xue"]
[Result "0-1"]
[WhiteElo "2130"]
[BlackElo "2487"]
[EventDate "2004.10.15"]

1. e4 c5 2. Nf3 d6 3. c3 Nf6 4. Bd3 Nc6 5. Bc2 Bg4 6. h3 Bxf3 7. Qxf3 g6 8.
d3 Bg7 9. Nd2 O-O 10. O-O b5 11. Qe2 Nd7 12. Nf3 Qb6 13. a3 a5 14. Be3 b4
15. Rab1 Qa6 16. Qd2 a4 17. cxb4 cxb4 18. d4 b3 19. Bd3 Qb6 20. e5 Qb7 21.
Be4 Nb6 22. Rfc1 d5 23. Bd3 Rfc8 24. e6 fxe6 25. h4 Nd7 26. h5 Nf8 27. hxg6
hxg6 28. Bh6 Qb6 29. Bxg7 Kxg7 30. Qf4 e5 31. dxe5 Nd8 32. Qg5 Qe6 33. Nd4
Qd7 34. Rxc8 Rxc8 35. Bf5 e6 36. Qf6+ Kg8 37. Bxg6 Qg7 38. Qxg7+ Kxg7 39.
Be8 Nf7 40. f4 Rxe8 41. Rc1 Re7 42. f5 Nxe5 43. fxe6 Kg6 44. Re1 Nd3 45.
Re2 Nf4 46. Re5 N4xe6 47. Nb5 Rd7 48. Nc3 Nc5 49. g4 d4 50. Ne2 Nd3 51. Ra5
Nxb2 52. Nf4+ Kf7 53. g5 d3 54. Rf5+ Ke8 55. g6 d2 0-1

[Event "36th Olympiad w"]
[Site "Calvia ESP"]
[Date "2004.10.24"]
[Round "9"]
[White "Huang Qian"]
[Black "Ivoskaite,D"]
[Result "1-0"]
[WhiteElo "2371"]
[BlackElo "2043"]
[EventDate "2004.10.15"]

1. d4 Nf6 2. c4 g6 3. Nc3 d5 4. Bf4 Bg7 5. e3 c5 6. dxc5 Qa5 7. Rc1 Ne4 8.
Qb3 Bd7 9. cxd5 Nxc5 10. Qc2 O-O 11. f3 Nba6 12. Qd2 Rac8 13. Nge2 Nb4 14.
Nd4 Nxd5 15. Bg3 Na4 16. Nb3 Bxc3 17. bxc3 Qb6 18. Qxd5 Qxe3+ 19. Be2 Nxc3
20. Qd2 Qxd2+ 21. Kxd2 Nxa2 22. Rxc8 Rxc8 23. Ra1 Nc3 24. Rxa7 Nxe2 25.
Kxe2 Rc2+ 26. Nd2 Bc6 27. Bf2 f6 28. Bd4 Rc1 29. Ra1 Rxa1 30. Bxa1 g5 31.
Kd3 Kf7 32. Bc3 h5 33. g3 e5 34. Ke3 Ke6 35. Ne4 Bd5 36. h4 gxh4 37. gxh4
Bc6 38. Bb2 Ke7 39. Ng3 Be8 40. Nf5+ Kd7 41. f4 Bg6 42. Ng3 Ke6 43. fxe5
fxe5 44. Ne4 Kd5 45. Ng5 e4 46. Nh3 Bf7 47. Nf4+ 1-0

[Event "36th Olympiad w"]
[Site "Calvia ESP"]
[Date "2004.10.24"]
[Round "9"]
[White "Polgar,Z"]
[Black "Radziewicz,I"]
[Result "1/2-1/2"]
[WhiteElo "2567"]
[BlackElo "2449"]
[EventDate "2004.10.15"]

1. d4 e6 2. c4 b6 3. Nf3 Bb7 4. g3 Bb4+ 5. Bd2 Bxf3 6. exf3 Bxd2+ 7. Nxd2
Ne7 8. Bg2 d5 9. f4 Nbc6 10. cxd5 exd5 11. Nf3 O-O 12. O-O Nf5 13. Qd3 g6
14. Rac1 Qd6 15. a3 Rae8 16. Qc3 Na5 17. Qxc7 Re2 18. Qxd6 Nxd6 19. Ne5 Nb3
20. Rc7 Nxd4 21. Rd7 f6 22. Bxd5+ Kh8 23. Nf3 Nxf3+ 24. Bxf3 Rd2 25. Rd1
Rxd1+ 26. Bxd1 Ne4 27. Bf3 Nc5 28. Rxa7 Re8 29. Ra8 Rxa8 30. Bxa8 Kg7 31.
Kf1 Kf8 32. b4 Ne6 33. a4 Nd4 34. a5 bxa5 35. bxa5 Ke7 36. a6 Kd6 37. Bd5
Nb5 38. Bg8 h6 39. Bh7 g5 40. fxg5 fxg5 41. Bd3 Na7 42. Kg2 Ke5 43. Kf3 h5
44. Bg6 h4 45. gxh4 gxh4 46. Kg4 1/2-1/2

[Event "36th Olympiad w"]
[Site "Calvia ESP"]
[Date "2004.10.24"]
[Round "9"]
[White "Gaponenko,I"]
[Black "Vijayalakshmi,S"]
[Result "1/2-1/2"]
[WhiteElo "2445"]
[BlackElo "2411"]
[EventDate "2004.10.15"]

1. e4 e5 2. Nf3 Nc6 3. Bb5 a6 4. Bxc6 dxc6 5. O-O f6 6. d4 Bg4 7. c3 Bd6 8.
Be3 Ne7 9. Nbd2 Qc8 10. h3 Bh5 11. dxe5 fxe5 12. c4 c5 13. b4 b6 14. bxc5
bxc5 15. Qa4+ c6 16. Qa3 Bxf3 17. Nxf3 O-O 18. Nh2 Ng6 19. Bxc5 Bxc5 20.
Qxc5 Qe6 21. Rad1 Rad8 22. Ng4 h5 23. Ne3 Nf4 24. Nf5 Kh7 25. Rd6 Rxd6 26.
Qxd6 Qxd6 27. Nxd6 Ne2+ 28. Kh2 Rf6 29. c5 Nc3 30. f3 Nxa2 31. Rb1 Nc3 32.
Rb6 a5 33. Rxc6 a4 34. Ra6 Nb5 35. Rxa4 Nxd6 36. cxd6 Rxd6 37. Ra5 Re6 38.
h4 Kg6 39. Kh3 Kf6 40. g4 hxg4+ 41. fxg4 Rb6 42. g5+ Ke6 43. Kg4 g6 44. h5
gxh5+ 45. Kxh5 Rb4 46. Ra6+ Ke7 47. g6 Rxe4 48. Kh6 Rh4+ 49. Kg5 Rh1 50.
Ra8 Rg1+ 51. Kf5 e4 52. Rh8 e3 53. Rh3 Re1 54. Kg5 e2 55. Kh5 Kf6 56. Rh2
Kg7 57. Kh4 Kxg6 58. Rg2+ Kf5 59. Kg3 Ke4 60. Kf2 Ra1 61. Kxe2 Ra2+ 62. Kf1
Rxg2 63. Kxg2 1/2-1/2

[Event "36th Olympiad w"]
[Site "Calvia ESP"]
[Date "2004.10.24"]
[Round "9"]
[White "Titova Boric,E"]
[Black "Calzetta,M"]
[Result "1/2-1/2"]
[WhiteElo "2252"]
[BlackElo "2311"]
[EventDate "2004.10.15"]

1. e4 c5 2. Nf3 d6 3. d4 cxd4 4. Qxd4 Nc6 5. Bb5 Bd7 6. Bxc6 Bxc6 7. Nc3
Nf6 8. Bg5 e6 9. O-O-O Be7 10. Rhe1 O-O 11. Qd2 Rc8 12. Kb1 b5 13. Nd4 b4
14. Nxc6 Rxc6 15. Bxf6 Bxf6 16. Nb5 Qa5 17. Nd4 Ra6 18. a3 bxa3 19. Qxa5
Rxa5 20. Nb3 Ra6 21. bxa3 Rc8 22. f4 Be7 23. Kb2 Kf8 24. Rd3 Rb8 25. Ka2
Rc8 1/2-1/2

[Event "36th Olympiad w"]
[Site "Calvia ESP"]
[Date "2004.10.24"]
[Round "9"]
[White "Hernandez,Yu"]
[Black "Dengler,D"]
[Result "1-0"]
[WhiteElo "2201"]
[BlackElo "2123"]
[EventDate "2004.10.15"]

1. e4 e6 2. d4 d5 3. Nc3 Nc6 4. e5 Qd7 5. Nf3 b6 6. Bd3 Bb7 7. O-O O-O-O 8.
a3 f5 9. b4 h6 10. Ne2 g5 11. c3 Nge7 12. a4 Ng6 13. a5 g4 14. Ne1 Qf7 15.
axb6 cxb6 16. Qa4 Kb8 17. Bb5 Rc8 18. Nd3 Rc7 19. Bd2 h5 20. Rfb1 Nh4 21.
Kf1 Rg8 22. Rc1 Nf3 23. Bf4 Qg7 24. c4 a5 25. bxa5 Nxa5 26. c5 Nc4 27. c6
Bxc6 28. Bxc6 Ra7 29. Qxa7+ Qxa7 30. Rxa7 Kxa7 31. gxf3 gxf3 32. Ng1 Kb8
33. Nxf3 Rg4 34. Ng5 Ba3 35. Rc2 Na5 36. h3 Rh4 37. Kg2 Be7 38. Nxe6 Nb3
39. Bxd5 1-0

[Event "36th Olympiad w"]
[Site "Calvia ESP"]
[Date "2004.10.24"]
[Round "9"]
[White "Dedijer,S"]
[Black "Gonzalez Perez,L"]
[Result "1/2-1/2"]
[WhiteElo "2064"]
[BlackElo "2152"]
[EventDate "2004.10.15"]

1. d4 d5 2. c4 c6 3. cxd5 cxd5 4. Nc3 Nc6 5. Nf3 Nf6 6. Bf4 e6 7. e3 Be7 8.
Bd3 O-O 9. Ne5 Qb6 10. a3 Nxe5 11. Bxe5 Bd7 12. Qe2 Rfc8 13. O-O Be8 14.
Rfc1 Qd8 15. Rc2 Nd7 16. Bg3 Nb6 17. Rac1 g6 18. Nb1 Rxc2 19. Rxc2 Rc8 20.
b3 Rxc2 21. Qxc2 Qc8 22. Qc7 Bd7 23. Qxc8+ Nxc8 24. Bb8 Kf8 25. Kf1 Ke8 26.
Ke2 Kd8 27. Kd2 a6 28. a4 Bb4+ 29. Nc3 Nd6 30. Kc2 Kc8 31. Ba7 Kc7 32. Bc5
Bxc3 33. Kxc3 Ne4+ 34. Bxe4 1/2-1/2

[Event "36th Olympiad w"]
[Site "Calvia ESP"]
[Date "2004.10.24"]
[Round "9"]
[White "Danielian,E"]
[Black "Hunt,H"]
[Result "1/2-1/2"]
[WhiteElo "2437"]
[BlackElo "2385"]
[EventDate "2004.10.15"]

1. d4 Nf6 2. Nf3 e6 3. g3 b6 4. Bg2 Bb7 5. O-O Be7 6. c4 O-O 7. Nc3 Ne4 8.
Bd2 Nxc3 9. Bxc3 d5 10. cxd5 exd5 11. Rc1 a5 12. Qc2 Na6 13. Ne5 Qd6 14.
Rfd1 Qe6 15. Re1 Bd6 16. Rcd1 Rac8 17. Qb1 Rfe8 18. e4 dxe4 19. d5 Qf5 20.
Bxe4 Qh5 21. Bf3 Qh6 22. Re4 Bxe5 23. Bxe5 Nc5 24. Bf4 Qf6 25. Rxe8+ Rxe8
26. Re1 Rf8 27. Bg2 Qd8 28. Qd1 Ba6 29. Re3 Nb7 30. h4 Nd6 31. Bg5 f6 32.
Bf4 Re8 33. Rc3 Bb7 34. h5 h6 35. Rc1 Bc8 36. Qc2 Re7 37. Qc6 Bb7 38. Qa4
Re2 39. b3 Qe7 40. Bf3 Re1+ 41. Kg2 Rxc1 42. Bxc1 Qe1 43. Be3 b5 44. Qf4 b4
45. Bc5 Ba6 46. Qe3 Bf1+ 47. Kh2 Qxe3 48. fxe3 Bd3 49. Kg1 Kf7 50. Kf2 Ne4+
51. Bxe4 Bxe4 52. d6 cxd6 53. Bxd6 Bb1 54. Bc7 Bxa2 55. Bxa5 Bxb3 56. Bxb4
Bd1 57. Bc5 Bxh5 58. Bb4 g5 59. Ba3 Bg4 60. Bb4 1/2-1/2

[Event "36th Olympiad w"]
[Site "Calvia ESP"]
[Date "2004.10.24"]
[Round "9"]
[White "Houska,Jo"]
[Black "Mkrtchian,L"]
[Result "1/2-1/2"]
[WhiteElo "2298"]
[BlackElo "2374"]
[EventDate "2004.10.15"]

1. e4 e6 2. d4 d5 3. e5 c5 4. c3 Nc6 5. Nf3 Qb6 6. a3 Nh6 7. b4 cxd4 8.
cxd4 Nf5 9. Bb2 Be7 10. Bd3 a5 11. Qa4 O-O 12. b5 f6 13. Ra2 Na7 14. O-O
Bd7 15. Nc3 fxe5 16. Nxe5 Be8 17. Qc2 Rc8 18. Qd1 Nxb5 19. Nxb5 Bxb5 20.
Qb3 Nxd4 21. Bxd4 Qxd4 22. Qxb5 Qxe5 23. Re2 Qf6 24. Qb1 g6 25. Qxb7 Bxa3
26. Qa6 Ra8 27. Qc6 Rae8 28. Bb1 Re7 29. Ba2 Kg7 30. h3 Bb4 31. Rc1 Qf4 32.
Rcc2 Qf6 33. Rc1 h5 34. Bb1 h4 35. Qb6 Qf4 36. Rc6 Rf6 37. Ba2 Qf5 38. Qd4
Qf4 39. Qb6 Kf7 40. Qd8 Kg7 41. Qb6 Qf5 42. Qd4 Qf4 1/2-1/2

[Event "36th Olympiad w"]
[Site "Calvia ESP"]
[Date "2004.10.24"]
[Round "9"]
[White "Andriasian,S"]
[Black "Richards,H"]
[Result "1-0"]
[WhiteElo "2206"]
[BlackElo "2197"]
[EventDate "2004.10.15"]

1. e4 e6 2. d4 d5 3. Nc3 Bb4 4. e5 c5 5. a3 Bxc3+ 6. bxc3 Qa5 7. Bd2 Qa4 8.
Qb1 c4 9. Nh3 Nc6 10. Nf4 Bd7 11. g3 O-O-O 12. Bg2 f6 13. exf6 Nxf6 14. O-O
b6 15. Re1 Rhe8 16. Nh3 e5 17. Ng5 exd4 18. Nf7 Rxe1+ 19. Qxe1 Rf8 20. Nd6+
Kb8 21. Bf4 Ka8 22. cxd4 a6 23. Qd2 Ka7 24. h3 b5 25. Be5 h6 26. g4 b4 27.
Qc1 bxa3 28. Rxa3 Qb4 29. c3 Qb6 30. Ra2 g5 31. Nxc4 dxc4 32. Bd6 Nxd4 33.
Bxf8 Nb3 34. Qd1 Bc6 35. Qd6 Bxg2 36. Qxb6+ Kxb6 37. Kxg2 Nd5 38. Bxh6 Kb5
39. Rc2 a5 40. Bxg5 a4 41. h4 a3 42. h5 Nxc3 43. h6 Ne4 44. h7 Nxg5 45.
h8=Q Ne6 46. Qb8+ 1-0

[Event "36th Olympiad w"]
[Site "Calvia ESP"]
[Date "2004.10.24"]
[Round "9"]
[White "Maric,A"]
[Black "Skripchenko,A"]
[Result "1/2-1/2"]
[WhiteElo "2418"]
[BlackElo "2474"]
[EventDate "2004.10.15"]

1. Nf3 d5 2. d4 Nf6 3. c4 e6 4. Nc3 dxc4 5. Qa4+ Nbd7 6. g3 a6 7. Bg2 Rb8
8. Qxc4 b5 9. Qd3 Bb7 10. Bf4 Bd6 11. O-O Bxf4 12. gxf4 b4 13. Na4 Nd5 14.
e3 h6 15. Rfd1 g5 16. f5 exf5 17. Qxf5 Ne7 18. Qc2 Ng6 19. Nc5 Nxc5 20.
Qxc5 Qf6 21. Ne5 Bxg2 22. Nxg6 Qxg6 23. Qe5+ Kd7 24. Kxg2 Qd6 25. Rac1 Rhe8
26. Qf5+ Qe6 27. Rc5 c6 28. Re5 Qxf5 29. Rxf5 Ke6 30. Re5+ Kd6 31. Rc1 Rb6
32. Rf5 Ke6 33. e4 Rd8 34. Rc4 f6 35. Kf3 h5 36. Ke3 Rd6 37. Ra5 h4 38. f4
gxf4+ 39. Kxf4 Rd8 40. Rxc6+ Rxc6 41. d5+ Kd6 42. dxc6 Kxc6 43. Rxa6+ Kb5
44. Rxf6 Rd2 45. Ke3 Rxh2 46. Rf5+ Kc6 47. Rf2 Rxf2 48. Kxf2 Kc5 49. a4
bxa3 50. bxa3 Kd4 51. Kf3 h3 52. a4 h2 53. Kg2 Kxe4 1/2-1/2

[Event "36th Olympiad w"]
[Site "Calvia ESP"]
[Date "2004.10.24"]
[Round "9"]
[White "Collas,S"]
[Black "Bojkovic,N"]
[Result "1/2-1/2"]
[WhiteElo "2349"]
[BlackElo "2398"]
[EventDate "2004.10.15"]

1. Nf3 Nf6 2. c4 e6 3. Nc3 c5 4. g3 b6 5. Bg2 Bb7 6. O-O Be7 7. Re1 d6 8.
e4 a6 9. d4 cxd4 10. Nxd4 Qc7 11. Be3 O-O 12. g4 Nc6 13. g5 Nd7 14. Rc1
Nxd4 15. Qxd4 Rac8 16. b3 Rfe8 17. Qd2 Nf8 18. f4 Qb8 19. Bf2 Bc6 20. Ne2
Bb7 21. Nc3 Bc6 22. Ne2 Bb7 23. Nc3 Bc6 1/2-1/2

[Event "36th Olympiad w"]
[Site "Calvia ESP"]
[Date "2004.10.24"]
[Round "9"]
[White "Prudnikova,S"]
[Black "Milliet,S"]
[Result "1/2-1/2"]
[WhiteElo "2402"]
[BlackElo "2299"]
[EventDate "2004.10.15"]

1. d4 d5 2. Nf3 Nc6 3. e3 Bg4 4. Be2 Nf6 5. O-O e6 6. c4 Be7 7. Nc3 O-O 8.
h3 Bh5 9. g4 Bg6 10. Nh4 dxc4 11. Nxg6 hxg6 12. Bxc4 Na5 13. Be2 c5 14.
dxc5 Bxc5 15. Qa4 Nc6 16. Rd1 Qe7 17. Bd2 Bb6 18. Kg2 Nd7 19. Be1 Rfd8 20.
Ne4 Bc7 21. f3 Nb6 22. Qb3 Rxd1 23. Rxd1 Rd8 24. Rxd8+ 1/2-1/2

[Event "36th Olympiad w"]
[Site "Calvia ESP"]
[Date "2004.10.24"]
[Round "9"]
[White "Agrest,S"]
[Black "Anhchimeg,B"]
[Result "1-0"]
[WhiteElo "2238"]
[BlackElo "2235"]
[EventDate "2004.10.15"]

1. e4 c5 2. c3 d5 3. exd5 Qxd5 4. d4 Nf6 5. Nf3 Nc6 6. Be2 e6 7. O-O cxd4
8. cxd4 Be7 9. Nc3 Qa5 10. a3 O-O 11. Qb3 a6 12. Be3 Qc7 13. Rac1 Bd6 14.
h3 b5 15. Bg5 Bb7 16. Bxf6 gxf6 17. d5 Na5 18. Qd1 Bf4 19. Rc2 Rac8 20. Qd4
Be5 21. Qg4+ Kh8 22. dxe6 Rg8 23. Qf5 fxe6 24. Qxe6 Rce8 25. Qf5 Qg7 26. g4
Bc8 27. Qh5 Nb3 28. Ne4 Bb7 29. Ng3 Bxg3 30. fxg3 Be4 31. Rc3 Qa7+ 32. Kh1
Nd4 33. Bd1 f5 34. Kh2 fxg4 35. Ne5 Nf3+ 36. Rcxf3 gxf3 37. Nf7+ Kg7 38.
Qh6+ Kxf7 39. Bb3+ Ke7 40. Qe6+ Kd8 41. Rd1+ Kc7 42. Rd7+ Kb8 43. Qd6+ Ka8
44. Rxa7+ Kxa7 45. Bxg8 Rxg8 46. Qd4+ Kb8 47. Qxe4 Rf8 48. Qe5+ 1-0

[Event "36th Olympiad w"]
[Site "Calvia ESP"]
[Date "2004.10.24"]
[Round "9"]
[White "Batceceg,T"]
[Black "Johansson,V"]
[Result "1/2-1/2"]
[WhiteElo "2209"]
[BlackElo "2189"]
[EventDate "2004.10.15"]

1. Nf3 c5 2. c4 Nc6 3. Nc3 e5 4. e3 d6 5. d4 Bg4 6. d5 Nce7 7. e4 Ng6 8.
Be2 Bd7 9. O-O Be7 10. Ne1 Bg5 11. Nd3 Bxc1 12. Qxc1 Nf6 13. f4 exf4 14.
Nxf4 Ne5 15. Nd3 Qe7 16. Qg5 Ng6 17. Rae1 O-O 18. Bd1 Rae8 19. b3 Ne5 20.
Nf4 Nxd5 21. Qxe7 Nxe7 22. Bc2 Bc6 23. Rd1 Rd8 24. h3 a6 25. a4 N7g6 26.
Nfd5 Rfe8 27. Rd2 Nf8 28. Rfd1 Ne6 29. Ne2 b5 30. cxb5 axb5 31. axb5 Bxb5
32. Ndc3 Bxe2 33. Nxe2 Nc6 34. Rxd6 Rxd6 35. Rxd6 Ncd4 36. Nxd4 Nxd4 37.
Bd3 Nxb3 38. Bc4 Nd4 39. Rd7 Ne6 1/2-1/2

[Event "36th Olympiad w"]
[Site "Calvia ESP"]
[Date "2004.10.24"]
[Round "9"]
[White "Andersson,C"]
[Black "Enhjargal,E"]
[Result "1-0"]
[WhiteElo "2168"]
[BlackElo "2163"]
[EventDate "2004.10.15"]

1. e4 c5 2. Nf3 Nc6 3. Bb5 g6 4. O-O Bg7 5. c3 Nf6 6. Re1 O-O 7. d4 cxd4 8.
cxd4 a6 9. Bd3 d6 10. h3 Qb6 11. d5 Nb8 12. Na3 Nbd7 13. Be3 Qd8 14. Rc1
Nh5 15. Qd2 Ne5 16. Nxe5 dxe5 17. Nc4 Nf4 18. Bf1 Bd7 19. b3 Nh5 20. g4 Nf6
21. Bg5 Ne8 22. Qb4 f6 23. Be3 b5 24. Na5 Nd6 25. Bc5 Rf7 26. Red1 Bf8 27.
Bxd6 exd6 28. Nc6 Qe8 29. a4 bxa4 30. bxa4 f5 31. exf5 gxf5 32. Bg2 fxg4
33. hxg4 Rg7 34. Rc4 Qg6 35. f3 h5 36. Qb1 hxg4 37. Qxg6 Rxg6 38. f4 exf4
39. Rxf4 Re8 40. Be4 Rg5 41. Rdf1 Bh6 42. Bd3 Rg7 43. Rf6 Be3+ 44. Kg2 Bc5
45. Bg6 Rc8 46. Bf7+ Kh8 47. Ne7 Rb8 48. Ng6+ Rxg6 49. Rxg6 Rb2+ 50. Kg3
Rb3+ 51. Kf4 Rb4+ 52. Kg5 Be3+ 53. Kf6 Rf4+ 54. Rxf4 Bxf4 55. Be6 Be5+ 56.
Kf7 Bxa4 57. Rh6+ 1-0

[Event "36th Olympiad w"]
[Site "Calvia ESP"]
[Date "2004.10.24"]
[Round "9"]
[White "Dzagnidze,N"]
[Black "Igla,B"]
[Result "1/2-1/2"]
[WhiteElo "2484"]
[BlackElo "2196"]
[EventDate "2004.10.15"]

1. d4 Nf6 2. c4 g6 3. Nc3 Bg7 4. e4 d6 5. Be2 O-O 6. Bg5 h6 7. Be3 e5 8. d5
a5 9. g4 Ne8 10. Qd2 Kh7 11. h4 Na6 12. Nh3 Bd7 13. h5 g5 14. f3 Bf6 15.
O-O c5 16. dxc6 bxc6 17. Nf2 Be6 18. Rfd1 Be7 19. c5 Nxc5 20. Bxc5 dxc5 21.
Qxd8 Bxd8 22. Nd3 a4 23. Kf1 Be7 24. Nxe5 a3 25. Nxc6 axb2 26. Rab1 Bf6 27.
e5 Rc8 28. Bb5 Rxc6 29. Bxc6 Bxe5 30. Rxb2 Bxc3 31. Rb8 Bxa2 32. Rxe8 Rxe8
33. Bxe8 Bc4+ 34. Kg2 Bd4 35. Rc1 Be6 36. Bb5 Kg7 37. Bc4 Kf6 38. Kf1 Bxc4+
39. Rxc4 Ke5 40. Ke2 f5 41. Ra4 fxg4 42. fxg4 Kf4 43. Ra6 Kxg4 44. Rxh6 Kh4
45. Kf3 g4+ 46. Kf4 g3 47. Kf3 Kg5 48. Rh7 Bf2 49. Rh8 c4 50. h6 Kg6 51.
Ke4 Kf7 52. Rh7+ Kg6 53. Rh8 Kf7 54. Kf3 Kg6 55. Kg2 c3 56. Kf3 c2 57. Rc8
Kxh6 58. Rxc2 Kg5 59. Rc4 Kf5 60. Rf4+ Kg5 61. Rg4+ Kf5 62. Rg8 Ke5 1/2-1/2

[Event "36th Olympiad w"]
[Site "Calvia ESP"]
[Date "2004.10.24"]
[Round "9"]
[White "Vasiliev,Olg"]
[Black "Lomineishvili,M"]
[Result "0-1"]
[WhiteElo "2167"]
[BlackElo "2429"]
[EventDate "2004.10.15"]

1. e4 c5 2. Nf3 d6 3. d4 cxd4 4. Nxd4 Nf6 5. Nc3 Nc6 6. Bg5 e6 7. Qd2 Qb6
8. Bxf6 gxf6 9. Nb3 a6 10. O-O-O Bd7 11. f4 O-O-O 12. Kb1 Kb8 13. Be2 h5
14. Rhf1 Bc8 15. g3 Bg7 16. f5 Ne5 17. Qe1 Bd7 18. Rd4 Bf8 19. fxe6 fxe6
20. Qd1 h4 21. Rxf6 hxg3 22. hxg3 Be7 23. Rf1 Rdg8 24. g4 Rh7 25. a3 Ka8
26. Rg1 Rhg7 27. Na4 Qc7 28. Rg3 Nc6 29. Rdd3 Bf6 30. Rxd6 Be5 31. Rgd3
Bxd6 32. Rxd6 Bc8 33. c4 e5 34. Nbc5 Nd4 35. Nb6+ Ka7 36. Nxc8+ Qxc8 37.
Nb3 Nxe2 38. Qxe2 Rxg4 39. c5 Qf8 40. Qc4 R8g7 41. Na5 Rc7 42. Qd5 Qf1+ 43.
Ka2 Rg1 44. Qxe5 Qb1+ 45. Kb3 Re1 46. Rb6 Re3+ 0-1

[Event "36th Olympiad w"]
[Site "Calvia ESP"]
[Date "2004.10.24"]
[Round "9"]
[White "Pourkashiyan,A"]
[Black "Voiska,M"]
[Result "1/2-1/2"]
[WhiteElo "2217"]
[BlackElo "2380"]
[EventDate "2004.10.15"]

1. e4 c5 2. Nf3 Nc6 3. d4 cxd4 4. Nxd4 Nf6 5. Nc3 e5 6. Ndb5 d6 7. Bg5 a6
8. Na3 b5 9. Nd5 Be7 10. Bxf6 Bxf6 11. c3 Bg5 12. Nc2 O-O 13. a4 bxa4 14.
Rxa4 a5 15. Bc4 Rb8 16. b3 Kh8 17. O-O f5 18. exf5 Bxf5 19. Nce3 Bg6 20.
Bd3 Bf7 21. Be4 Ne7 22. Nc4 Rb5 23. Nde3 Bxe3 24. fxe3 Bxc4 25. Rxf8+ Qxf8
26. bxc4 Rb2 27. Qf1 Qd8 28. Qa1 Rb8 29. Rxa5 Ng8 30. Ra8 Nf6 31. Rxb8 Qxb8
32. Qa8 Qxa8 33. Bxa8 Ng4 34. e4 Kg8 35. h3 Nf6 36. Kf2 Kf7 37. Kf3 Ke7 38.
Bd5 Kd7 39. h4 h6 40. Bf7 g5 41. hxg5 hxg5 42. Ke3 Kc6 43. Be6 Kb6 44. Bf7
Ka5 45. Kd3 Kb6 46. Ke3 Kc5 47. Be6 Nh5 48. Bf7 Nf6 49. Be6 Kc6 50. Bf7 Kd7
51. Bd5 Ke7 52. Kf3 Nd7 53. Kg4 Kf6 54. Bc6 Nc5 55. Kh5 Ne6 56. Kg4 Nf4 57.
g3 Ne2 58. Kf3 Nc1 59. Ke3 Nb3 60. Bd5 Nc5 61. Bc6 Kg6 62. Be8+ Kg7 63. Kf3
Kf6 64. Ke3 Ne6 65. Bd7 Nc5 66. Bc6 Ke7 67. Kf3 Nb3 68. Ke3 Na5 69. Bd5 Nb3
70. Bc6 Kf6 71. Bd5 Kg6 72. Kf3 Nc5 73. Bc6 Kf6 74. Ke3 Ne6 1/2-1/2

[Event "36th Olympiad w"]
[Site "Calvia ESP"]
[Date "2004.10.24"]
[Round "9"]
[White "Velcheva,M"]
[Black "Salman,Ma"]
[Result "1-0"]
[WhiteElo "2299"]
[BlackElo "2166"]
[EventDate "2004.10.15"]

1. e4 c5 2. Nf3 d6 3. d4 cxd4 4. Nxd4 Nf6 5. Nc3 a6 6. a4 g6 7. Be2 Bg7 8.
O-O O-O 9. Be3 Nc6 10. f4 Ng4 11. Bxg4 Bxg4 12. Nxc6 Bxd1 13. Nxd8 Bxc2 14.
Nxb7 Rab8 15. Rf2 Bxe4 16. Nxe4 Rxb7 17. Nc3 Rfb8 18. Ra2 Rb3 19. Nd1 e5
20. Rd2 Bf8 21. a5 Rc8 22. Nc3 Rc4 23. g3 f5 24. Ra1 h6 25. Re1 Rc6 26.
Ree2 Kf7 27. Rd5 Kf6 28. fxe5+ dxe5 29. Rd8 Be7 30. Nd5+ Ke6 31. Nxe7 Kxe7
32. Rd5 Ke6 33. Rc5 Rxc5 34. Bxc5 g5 35. Bd4 e4 36. Bc3 Rb5 37. Kf2 Rb3 38.
Ke3 Rb5 39. Rd2 Ke7 40. Rd4 1-0